Ed Sheeran - Chansons les plus écoutées - Statistiques

Statistiques générales
  • Ce quiz a été pris 313 fois
  • Le résultat moyen est 10 sur 20
Statistiques - réponses
Feat Chanson Vues % Correct
1 Shape of You 6 261 635 127
93%
5 Shape of You 930 264 085
93%
3 Perfect 3 736 736 840
85%
20 Perfect 282 293 380
85%
4 Photograph 1 379 852 607
66%
2 Thinking Out Loud 3 769 291 292
64%
8 Justin Bieber I Don't Care 600 556 427
59%
17 Shivers 347 060 982
53%
7 Bad Habits 604 189 546
50%
9 Galway Girl 597 157 922
47%
10 Castle on the Hill 548 094 392
45%
16 The A Team 369 973 316
42%
13 Happier 416 755 813
36%
15 Khalid Beautiful People 373 551 167
34%
19 Taylor Swift, Future End Game 293 736 864
29%
18 Lego House 321 168 565
28%
14 Taylor Swift Everything Has Changed 409 696 378
26%
6 Give me Love 668 907 792
21%
12 I See Fire 437 867 235
20%
11 Andrea Boccelli Perfect Symphony 517 307 409
9%
Aucun quiz correspondant
Distribution des résultats
% des personnes avec chaque résultat
Percentile par nombre de réponses
Votre historique - résultats
Vous n’avez pas pris ce quiz